Cardiología (Record no. 95000)

MARC details
000 -LEADER
campo de control de longitud fija 00689nam a2200181 i 4500
001 - NÚMERO DE CONTROL
campo de control 95000
003 - IDENTIFICADOR DE NÚMERO DE CONTROL
campo de control ES-MaACL
007 - CAMPO FIJO DE DESCRIPCIÓN FÍSICA--INFORMACIÓN GENERAL
campo de control de longitud fija t|
008 - DATOS DE LONGITUD FIJA--INFORMACIÓN GENERAL
campo de control de longitud fija 050519s1945 ag ||||1| spa d
100 1# - ENTRADA PRINCIPAL--NOMBRE DE PERSONA
Nombre de persona Luisada, Aldo Augusto.
9 (RLIN) 74702
245 10 - MENCIÓN DEL TÍTULO
Título Cardiología
Resto del título : patología y clinica del aparato circulatorio /
Mención de responsabilidad, etc. Aldo Augusto Luisada; versión castellana por el Dr. Juan Rizzo prólogo Dr. Antonio Battro.
250 ## - MENCION DE EDICION
Mención de edición 1ª ed.
Resto de la mención de edición en castellano de la edición italiana, actualizada por el autor.
260 ## - PUBLICACIÓN, DISTRIBUCIÓN, ETC.
Lugar de publicación, distribución, etc. Buenos Aires :
Nombre del editor, distribuidor, etc. Alfa,
Fecha de publicación, distribución, etc. 1945.
300 ## - DESCRIPCIÓN FÍSICA
Extensión 956 p., 4 h. :
Otras características físicas il. ;
Dimensiones 26 cm.
700 1# - ENTRADA AGREGADA--NOMBRE PERSONAL
Nombre de persona Rizzo, Juan.
9 (RLIN) 97758
700 1# - ENTRADA AGREGADA--NOMBRE PERSONAL
Nombre de persona Battro, Antonio.
9 (RLIN) 26490
852 ## - LOCALIZACIÓN
Ubicación ES-MaACL
Número de control de estantería E-1922
Sublocalización o colección R.22622
Holdings
Estatus retirado Estado de pérdida Estado de daño No para préstamo Biblioteca de origen Biblioteca actual Ubicación en estantería Fecha de adquisición Fuente de adquisición Total de préstamos Signatura topográfica completa Código de barras Visto por última vez Precio de reemplazo Tipo de ítem Koha
        Biblioteca del Ateneo de Madrid Biblioteca del Ateneo de Madrid Depósito 2 17/01/2008     E-1922 1099208 23/02/2023 23/02/2023 Libro impreso